Back and forth / (Record no. 112919)
[ view plain ]
| 000 -LEADER | |
|---|---|
| fixed length control field | 00759nam a2200205 a 4500 |
| 001 - CONTROL NUMBER | |
| control field | 4128 |
| 005 - DATE AND TIME OF LATEST TRANSACTION | |
| control field | 20140414131956.0 |
| 008 - FIXED-LENGTH DATA ELEMENTS--GENERAL INFORMATION | |
| fixed length control field | 090209s19uu xx 00 eng d |
| 020 ## - INTERNATIONAL STANDARD BOOK NUMBER | |
| International Standard Book Number | 0-7368-8607-9 |
| 050 ## - LIBRARY OF CONGRESS CALL NUMBER | |
| Classification number | TR 531.32 |
| Item number | Sc1 2000 |
| 100 ## - MAIN ENTRY--PERSONAL NAME | |
| Personal name | Schaefer, Lola M. |
| 245 ## - TITLE STATEMENT | |
| Title | Back and forth / |
| Statement of responsibility, etc | by Lola M. Schaefer. |
| 260 ## - PUBLICATION, DISTRIBUTION, ETC. (IMPRINT) | |
| Place of publication, distribution, etc | Mankato, Minnesota : |
| Name of publisher, distributor, etc | Capstone Press, |
| Date of publication, distribution, etc | c2000. |
| 300 ## - PHYSICAL DESCRIPTION | |
| Extent | 24 p. : col., ill. cm. |
| 440 ## - SERIES STATEMENT/ADDED ENTRY--TITLE | |
| Title | The way things move |
| 500 ## - GENERAL NOTE | |
| General note | Includes bibliographical references and index. |
| 520 ## - SUMMARY, ETC. | |
| Summary, etc | Simple text and photographs provide examples of back and forth movement, including the pendulum in a clock, a child in a rocking chair, and a tree in the wind |
| 650 ## - SUBJECT ADDED ENTRY--TOPICAL TERM | |
| Topical term or geographic name as entry element | Oscillations |
| General subdivision | Juvenile literature. |
| Withdrawn status | Lost status | Damaged status | Home library | Current library | Shelving location | Date acquired | Source of acquisition | Total Checkouts | Full call number | Barcode | Date last seen | Price effective from | Koha item type |
|---|---|---|---|---|---|---|---|---|---|---|---|---|---|
| Munich Library | Munich Library | Teachers Reference Section | 02/09/2009 | TR 531.32 Sc1 2000 | M4339 | 04/14/2014 | 04/14/2014 | Books |